The United Nations Convention on Contracts for the International Sale of Goods : Selection of Typical Arbitration Cases /

Saved in:

Other Authors: Xiaochun, LIU (Editor), Yin, HE (Editor), Zhewei, LIU (Editor)

Format: eBook

Language: English

Published: Leiden ; Boston : Brill | Nijhoff, 2026.

Series: Chinese and Comparative Law Series ; 15.
International Law E-books Online, Collection 2026.

Subjects:

Online Access: Login to view Source

Tags: Add Tag

No Tags, Be the first to tag this record!

Call Number: JZ1611

LEADER 01892nam a22004698i 4500
001 BRILL9789004751712
003 nllekb
005 20260324115022.0
006 m d
007 cr un uuuua
008 251218s2026 gw sb 001 0 eng d
020 |a 9789004751712  |q (electronic book) 
020 |z 9789004751705  |q (print) 
024 7 |a 10.1163/9789004751712  |2 DOI 
040 |a NL-LeKB  |c NL-LeKB  |e rda 
041 |a eng 
050 4 |a JZ1611 
072 7 |a LAW  |x 051000  |2 bisacsh 
072 7 |a LB  |2 bicssc 
082 0 4 |a 341.09492  |2 23 
245 0 4 |a The United Nations Convention on Contracts for the International Sale of Goods :  |b Selection of Typical Arbitration Cases /  |c edited by LIU Xiaochun, HE Yin, and LIU Zhewei. 
246 3 |a Selection of Typical Arbitration Cases 
264 1 |a Leiden ;  |a Boston :  |b Brill | Nijhoff,  |c 2026. 
264 4 |c ©2026 
300 |a 1 online resource (425 pages) :  |b illustrations. 
336 |a text  |b txt  |2 rdacontent 
337 |a computer  |b c  |2 rdamedia 
338 |a online resource  |2 rdacarrier 
490 1 |a Chinese and Comparative Law Series ;  |v 15 
490 1 |a International Law E-books Online, Collection 2026 
504 |a Includes bibliographical references and index. 
546 |a English 
588 |a Description based on print version record. 
650 0 0 |a International Law. 
700 1 |a Xiaochun, LIU,  |e editor. 
700 1 |a Yin, HE,  |e editor. 
700 1 |a Zhewei, LIU,  |e editor. 
776 0 8 |i Print version:  |t The United Nations Convention on Contracts for the International Sale of Goods : Selection of Typical Arbitration Cases.  |d Leiden ; Boston : Brill | Nijhoff,2026.  |z 9789004751705  |w (OCoLC)1547270592 
830 0 |a Chinese and Comparative Law Series ;  |v 15. 
830 0 |a International Law E-books Online, Collection 2026. 
856 4 |z DOI:  |u http://dx.doi.org/10.1163/9789004751712 
999 |c 61934  |d 61934